000 00651nam a2200169Ia 4500
008 090122s9999 xx 000 0 und d
082 _b9316
100 _aगाडगीळ
_bगंगाधर
245 _aबाबांचं कलिंगड आणि मुलीचा स्वेटर
260 _bमधुराज
_c2003
300 _a160
600 _aगाडगीळ
630 _aबाबांचं कलिंगड आणि मुलीचा स्वेटर
700 _aगाडगीळ
730 _aबाबांचं कलिंगड आणि मुलीचा स्वेटर
942 _cBOOK
999 _c33393
_d33393